[Event "SR 2. liga A 2018/2019"]
[Site "?"]
[Date "2019.03.03"]
[Round "9.4"]
[White "Nestorenko, Dmitry"]
[Black "Manak, Jozef"]
[Result "1-0"]
[WhiteElo "2155"]
[BlackElo "1969"]
[PlyCount "73"]
[EventDate "2018.??.??"]
[WhiteTeam "SK Slovan Bratislava E"]
[BlackTeam "SK Kupele Piestany"]

1. e4 c5 2. c3 d6 3. d4 Nf6 4. Bd3 g6 5. Ne2 Bg7 6. O-O O-O 7. h3 Nc6 8. d5 Ne5
9. Bc2 b6 10. f4 Ned7 11. c4 a6 12. Nbc3 Ne8 13. a4 Nc7 14. b3 a5 15. Bb2 Na6
16. Rc1 Nb4 17. Bb1 Ba6 18. Qd2 Qe8 19. Nd1 f6 20. Nf2 Rd8 21. h4 Nb8 22. Rce1
Bc8 23. g4 e6 24. Ng3 e5 25. f5 Kf7 26. g5 Ke7 27. gxf6+ Bxf6 28. Qh6 Qf7 29.
Ng4 Qg7 30. Bc1 Qxh6 31. Bxh6 Rf7 32. Nxf6 Rxf6 33. Bg5 Nd7 34. fxg6 hxg6 35.
Rf3 Rdf8 36. Ref1 Na6 37. h5 1-0

[Event "SR 2. liga A 2018/2019"]
[Site "?"]
[Date "2019.03.03"]
[Round "9.5"]
[White "Manak, Adrian"]
[Black "Hacik, Radomir"]
[Result "1/2-1/2"]
[WhiteElo "1950"]
[BlackElo "2126"]
[PlyCount "48"]
[EventDate "2018.??.??"]
[WhiteTeam "SK Kupele Piestany"]
[BlackTeam "SK Slovan Bratislava E"]

1. e4 c6 2. d4 d5 3. Nc3 dxe4 4. Nxe4 Bf5 5. Ng3 Bg6 6. h4 h6 7. Nf3 Nd7 8. h5
Bh7 9. Bd3 Ngf6 10. Bxh7 Nxh7 11. Bf4 e6 12. Qe2 Be7 13. O-O-O Qa5 14. Kb1
O-O-O 15. d5 cxd5 16. c4 Nhf6 17. cxd5 Nxd5 18. Rc1+ Nc5 19. Be5 f6 20. Bd4 Kb8
21. Bxc5 Bxc5 22. Qxe6 Rhe8 23. Qg4 Bxf2 24. Nf5 Nb4 1/2-1/2

[Event "SR 2. liga A 2018/2019"]
[Site "?"]
[Date "2019.03.03"]
[Round "9.6"]
[White "Zetocha, Adrian"]
[Black "Musaev, Urmat"]
[Result "1-0"]
[WhiteElo "2205"]
[BlackElo "1828"]
[PlyCount "33"]
[EventDate "2018.??.??"]
[WhiteTeam "SK Slovan Bratislava E"]
[BlackTeam "SK Kupele Piestany"]

1. d4 d5 2. c4 e6 3. Nc3 Nf6 4. cxd5 exd5 5. Bg5 Be7 6. e3 O-O 7. Bd3 Nbd7 8.
Qc2 b6 9. Nf3 Bb7 10. O-O Rc8 11. Rad1 c5 12. dxc5 bxc5 13. Bf5 g6 14. Bxf6
Bxf6 15. Nxd5 Bxd5 16. Rxd5 Rc7 17. Rfd1 1-0

[Event "SR 2. liga A 2018/2019"]
[Site "?"]
[Date "2019.03.03"]
[Round "9.7"]
[White "Bardik, Jozef"]
[Black "Vadila, Ondrej"]
[Result "1/2-1/2"]
[WhiteElo "1843"]
[BlackElo "2116"]
[PlyCount "81"]
[EventDate "2018.??.??"]
[WhiteTeam "SK Kupele Piestany"]
[BlackTeam "SK Slovan Bratislava E"]

1. d4 g6 2. c4 Nf6 3. Nc3 Bg7 4. Nf3 d6 5. e4 O-O 6. Be2 e5 7. d5 a5 8. Bd2 Na6
9. O-O Nc5 10. Qc2 Ne8 11. Be3 b6 12. a3 f5 13. Bxc5 bxc5 14. exf5 gxf5 15. h3
Rf6 16. Nh2 Rg6 17. Kh1 Qg5 18. Rg1 e4 19. g3 Bd4 20. h4 Qe7 21. Bh5 Rg7 22.
Bxe8 Qxe8 23. Rae1 Qf7 24. Nd1 Bd7 25. b3 Rb8 26. a4 c6 27. dxc6 Bxc6 28. Ne3
Kh8 29. Qd1 f4 30. gxf4 Rxg1+ 31. Rxg1 Qxf4 32. Rg2 Bxe3 33. fxe3 Qf6 34. Rg4
Rg8 35. Rf4 Qxf4 36. exf4 e3+ 37. Nf3 Rg3 38. Kh2 Bxf3 39. Qxd6 Rg2+ 40. Kh3 e2
41. Qf8+ 1/2-1/2

[Event "SR 2. liga A 2018/2019"]
[Site "?"]
[Date "2019.03.03"]
[Round "9.8"]
[White "Djubek, Boris"]
[Black "Musaev, Matej Elbek"]
[Result "1-0"]
[WhiteElo "2040"]
[BlackElo "1784"]
[PlyCount "51"]
[EventDate "2018.??.??"]
[WhiteTeam "SK Slovan Bratislava E"]
[BlackTeam "SK Kupele Piestany"]

1. d4 d5 2. c4 e6 3. Nc3 Nf6 4. Bg5 Be7 5. e3 h6 6. Bh4 O-O 7. Nf3 b6 8. cxd5
exd5 9. Bd3 Bb7 10. O-O Ne4 11. Bxe7 Qxe7 12. Rc1 Rd8 13. Qe2 c5 14. Rfd1 Nc6
15. a3 Rac8 16. Bb5 cxd4 17. exd4 Na5 18. Nd2 Qh4 19. Ncxe4 Rxc1 20. Rxc1 dxe4
21. b4 a6 22. Bxa6 Bxa6 23. Qxa6 Re8 24. bxa5 e3 25. fxe3 Rxe3 26. Qc8+ 1-0

[Event "SR 2. liga A 2018/2019"]
[Site "?"]
[Date "2019.03.03"]
[Round "9.1"]
[White "Koutny, Petr"]
[Black "Janos, Martin"]
[Result "1-0"]
[WhiteElo "2229"]
[BlackElo "2166"]
[PlyCount "67"]
[EventDate "2018.??.??"]
[WhiteTeam "SK Skalica"]
[BlackTeam "SK Slovan Bratislava D"]

1. e4 c5 2. Nc3 Nc6 3. Bb5 Nd4 4. Nf3 e6 5. Nxd4 cxd4 6. Ne2 Bc5 7. O-O Ne7 8.
c3 dxc3 9. bxc3 a6 10. Ba4 b5 11. Bc2 Bb7 12. d4 Bb6 13. a4 O-O 14. Ba3 d6 15.
axb5 axb5 16. Qd3 f5 17. Qh3 Rf6 18. Bxd6 Rh6 19. Bxe7 Qxe7 20. Rxa8+ Bxa8 21.
Qe3 fxe4 22. Ng3 Qc7 23. Ra1 Bc6 24. Bxe4 Rf6 25. Bxc6 Qxc6 26. Ne4 Rg6 27. Qf3
Qd5 28. Ra8+ Bd8 29. Nd2 Qd7 30. Nb3 Rf6 31. Qe4 Rf5 32. g3 Kf7 33. Nc5 Qd5 34.
Rxd8 1-0

[Event "SR 2. liga A 2018/2019"]
[Site "?"]
[Date "2019.03.03"]
[Round "9.2"]
[White "Ac, Michal"]
[Black "Berger, Patrik"]
[Result "1-0"]
[WhiteElo "2140"]
[BlackElo "1999"]
[PlyCount "47"]
[EventDate "2018.??.??"]
[WhiteTeam "SK Slovan Bratislava D"]
[BlackTeam "SK Skalica"]

1. d4 Nf6 2. c4 g6 3. Nc3 d5 4. Nf3 Bg7 5. Bg5 Ne4 6. cxd5 Nxg5 7. Nxg5 e6 8.
Nf3 exd5 9. b4 O-O 10. Qb3 a5 11. b5 c5 12. bxc6 bxc6 13. e3 c5 14. Be2 a4 15.
Qxd5 Qa5 16. Rc1 cxd4 17. Nxd4 Rd8 18. Qxa5 Rxa5 19. Ncb5 Ba6 20. O-O Bxb5 21.
Nxb5 Na6 22. Rfd1 Rb8 23. Nd6 Be5 24. Nc4 1-0

[Event "SR 2. liga A 2018/2019"]
[Site "?"]
[Date "2019.03.03"]
[Round "9.3"]
[White "Hudacek, Josef"]
[Black "Kolcak, Marek"]
[Result "1/2-1/2"]
[WhiteElo "2101"]
[BlackElo "2138"]
[PlyCount "202"]
[EventDate "2018.??.??"]
[WhiteTeam "SK Skalica"]
[BlackTeam "SK Slovan Bratislava D"]

1. e4 e6 2. d3 d5 3. Nd2 Nf6 4. g3 Nc6 5. Bg2 Bc5 6. Ne2 dxe4 7. Nxe4 Nxe4 8.
Bxe4 e5 9. Be3 Bxe3 10. fxe3 O-O 11. Nc3 Ne7 12. Qe2 c6 13. O-O f5 14. Bg2 Qb6
15. Na4 Qb4 16. b3 Ng6 17. a3 Qd6 18. Nc3 Qc5 19. Na4 Qd6 20. Nc3 Be6 21. b4 a5
22. bxa5 Rxa5 23. a4 Qc5 24. Qd2 f4 25. Ne4 Qxe3+ 26. Qxe3 fxe3 27. Rxf8+ Kxf8
28. Rb1 Bd5 29. Rxb7 Rxa4 30. Rb8+ Ke7 31. Rb7+ Kd8 32. Rb8+ Kc7 33. Rb1 Ra2
34. Rc1 Ne7 35. c4 Be6 36. Re1 Nf5 37. Ng5 Bg8 38. Bh3 Nd4 39. Rxe3 h6 40. Nf3
Nxf3+ 41. Rxf3 Kd6 42. Rf2 Ra3 43. Bf5 Be6 44. Be4 Bh3 45. Rd2 Kc5 46. Kf2 Kd4
47. Rb2 Kc3 48. Re2 Ra1 49. Bxc6 Kxd3 50. Re3+ Kd4 51. Re4+ Kc5 52. Bd5 Kd6 53.
g4 Ra2+ 54. Kg3 Bg2 55. Re3 Bxd5 56. Rd3 Ra5 57. cxd5 Rxd5 58. Ra3 Ke6 59. Ra7
Rd7 60. Ra6+ Rd6 61. Ra7 Rd3+ 62. Kf2 Kf6 63. Ra6+ Kg5 64. Re6 Kf4 65. Rg6 Rd2+
66. Ke1 Rd7 67. Re6 Ra7 68. Re8 Ra2 69. Re7 g5 70. h3 Ra3 71. Rf7+ Ke3 72. Kf1
Ra6 73. Re7 e4 74. Kg2 Kd3 75. Rd7+ Ke2 76. Rb7 Rf6 77. Rb2+ Kd3 78. Rb3+ Kc4
79. Ra3 Rb6 80. Ra4+ Rb4 81. Ra6 Rb2+ 82. Kg3 Kd3 83. Rd6+ Ke2 84. Re6 e3 85.
Rxh6 Kf1 86. Rf6+ Rf2 87. Re6 e2 88. h4 e1=Q 89. Rxe1+ Kxe1 90. hxg5 Ke2 91. g6
Rf6 92. g5 Rxg6 93. Kf4 Rg8 94. Kf5 Kf3 95. g6 Rf8+ 96. Kg5 Ke4 97. g7 Rf1 98.
Kh6 Kf5 99. g8=Q Rh1+ 100. Kg7 Rg1+ 101. Kf7 Rxg8 1/2-1/2

[Event "SR 2. liga A 2018/2019"]
[Site "?"]
[Date "2019.03.03"]
[Round "9.4"]
[White "Fabry, Robert"]
[Black "Kucharek, Jaroslav"]
[Result "1/2-1/2"]
[WhiteElo "2119"]
[BlackElo "2048"]
[PlyCount "116"]
[EventDate "2018.??.??"]
[WhiteTeam "SK Slovan Bratislava D"]
[BlackTeam "SK Skalica"]

1. e4 d6 2. d4 Nf6 3. Nc3 e5 4. dxe5 dxe5 5. Qxd8+ Kxd8 6. a3 Be6 7. Nf3 Bd6 8.
Ng5 Re8 9. Nxe6+ Rxe6 10. Bc4 Re7 11. Bg5 c6 12. O-O Nbd7 13. b4 Ke8 14. Be3
Kf8 15. Bd3 h6 16. Ne2 Ng8 17. c4 g6 18. c5 Bc7 19. b5 Rd8 20. bxc6 bxc6 21.
Bc2 Kg7 22. Rab1 Ngf6 23. Rb7 Bb8 24. f3 Rc8 25. Rd1 Rc7 26. Rb2 Re8 27. Nc3
Nf8 28. Rdb1 N6d7 29. Bd3 Ne6 30. Bc4 Rcc8 31. Na4 Nef8 32. Bd2 Bc7 33. Ba6
Rcd8 34. Rb7 Rb8 35. R1b2 Rxb7 36. Rxb7 Bb8 37. Ba5 Kf6 38. Rb1 Ne6 39. Bb7
Ndxc5 40. Bxc6 Rc8 41. Nxc5 Nxc5 42. Bd5 Bc7 43. Bxc7 Rxc7 44. g3 Na4 45. Rb3
Ke7 46. Kg2 Nb6 47. Rb5 Kd6 48. Ra5 f5 49. h4 g5 50. hxg5 hxg5 51. Bb3 fxe4 52.
fxe4 Rc3 53. Bf7 g4 54. Bh5 Nc4 55. Rxa7 Rc2+ 56. Kf1 Rc3 57. Kg2 Rc2+ 58. Kf1
Rc3 1/2-1/2

[Event "SR 2. liga A 2018/2019"]
[Site "?"]
[Date "2019.03.03"]
[Round "9.5"]
[White "Sefcik, Marek"]
[Black "Kolman, Richard"]
[Result "1-0"]
[WhiteElo "2017"]
[BlackElo "1993"]
[PlyCount "91"]
[EventDate "2018.??.??"]
[WhiteTeam "SK Skalica"]
[BlackTeam "SK Slovan Bratislava D"]

1. e4 c5 2. Nf3 Nc6 3. b3 Nf6 4. Nc3 d6 5. Bb2 Bg4 6. h3 Bh5 7. Bb5 e5 8. Qe2
Be7 9. d3 Bxf3 10. Bxc6+ bxc6 11. Qxf3 O-O 12. g4 Ne8 13. Ne2 Nc7 14. O-O Ne6
15. Qg2 Bg5 16. Bc1 Bxc1 17. Raxc1 Qg5 18. Qg3 Nf4 19. Nxf4 exf4 20. Qf3 Rac8
21. h4 Qxh4 22. Qxf4 Rfe8 23. Kg2 Re6 24. Rh1 Qf6 25. Qxf6 Rxf6 26. Rh5 g6 27.
Rh6 Kg7 28. Rch1 Rh8 29. Kg3 g5 30. Rxf6 Kxf6 31. Rh6+ Ke7 32. f4 f6 33. fxg5
fxg5 34. e5 dxe5 35. Rxc6 h5 36. gxh5 Rxh5 37. Rxc5 Kd6 38. Ra5 Rh7 39. Kg4 Rg7
40. c4 Rf7 41. Kxg5 Rf3 42. Rxa7 Rxd3 43. Kf5 Rf3+ 44. Ke4 Rf4+ 45. Ke3 Rh4 46.
Ra6+ 1-0

[Event "SR 2. liga A 2018/2019"]
[Site "?"]
[Date "2019.03.03"]
[Round "9.6"]
[White "Mikulas, Dusan"]
[Black "Stanec, Stanislav"]
[Result "1/2-1/2"]
[WhiteElo "1982"]
[BlackElo "2052"]
[PlyCount "123"]
[EventDate "2018.??.??"]
[WhiteTeam "SK Slovan Bratislava D"]
[BlackTeam "SK Skalica"]

1. e4 d5 2. exd5 Qxd5 3. Nc3 Qa5 4. d4 c6 5. Bc4 Nf6 6. Bd2 Qc7 7. Nf3 Nbd7 8.
Ng5 e6 9. Qe2 Nb6 10. Bd3 Be7 11. O-O h6 12. Nf3 Nbd5 13. Nxd5 Nxd5 14. Ne5 Bg5
15. f4 Bf6 16. c4 Ne7 17. b4 Kf8 18. Qf2 Nf5 19. Bc3 h5 20. Rad1 Rh6 21. Rd2
Kg8 22. Rfd1 a6 23. Kh1 Be7 24. g4 hxg4 25. Nxg4 Rh4 26. Ne5 b5 27. c5 Rh3 28.
Qg2 Rh6 29. Bxf5 exf5 30. d5 cxd5 31. Nxf7 Rh7 32. Be5 Qc6 33. Nd6 Be6 34. Rd4
Rf8 35. Qg6 Bf6 36. Rg1 Kh8 37. Qg2 Qd7 38. Rd3 Bxe5 39. fxe5 f4 40. Rf3 Rh5
41. c6 Qe7 42. c7 g5 43. c8=Q Rxc8 44. Nxc8 Qf8 45. Qc2 Bf5 46. Qc3 Qxc8 47.
Qxc8+ Bxc8 48. Rc3 Bf5 49. Rgc1 g4 50. Kg1 d4 51. Rc5 Be6 52. Rc6 Rxe5 53. Rd1
Bc4 54. Rf6 f3 55. Rxd4 Re1+ 56. Kf2 Re2+ 57. Kg3 Rg2+ 58. Kh4 f2 59. Kg5 f1=Q
60. Rd8+ Kg7 61. Rd7+ Kg8 62. Rd8+ 1/2-1/2

[Event "SR 2. liga A 2018/2019"]
[Site "?"]
[Date "2019.03.03"]
[Round "9.7"]
[White "Hrubsa, Marian"]
[Black "Tepper, Frantisek"]
[Result "0-1"]
[WhiteElo "1887"]
[BlackElo "2012"]
[PlyCount "84"]
[EventDate "2018.??.??"]
[WhiteTeam "SK Skalica"]
[BlackTeam "SK Slovan Bratislava D"]

1. e4 Nc6 2. d4 e5 3. d5 Nce7 4. c4 Ng6 5. Nc3 Bc5 6. Nf3 Nf6 7. a3 Ng4 8. Be3
Bxe3 9. fxe3 Nxe3 10. Qd2 Nxf1 11. Rxf1 d6 12. O-O-O O-O 13. h3 a6 14. Rh1 b5
15. cxb5 axb5 16. Nxb5 Ba6 17. Nc3 Qd7 18. Qc2 Rfb8 19. g3 Rb7 20. h4 Ne7 21.
Ng5 h6 22. Nf3 Rab8 23. b4 Rc8 24. Qa4 Qxa4 25. Nxa4 Be2 26. Rhf1 Bxf1 27. Rxf1
Ra8 28. Nc3 Rxa3 29. Kb2 Ra8 30. Kb3 g6 31. g4 Kg7 32. Nd2 Rab8 33. Na2 f5 34.
gxf5 gxf5 35. Kc4 fxe4 36. Nxe4 Rf8 37. Rg1+ Kh7 38. Nac3 Rbb8 39. Ne2 Nf5 40.
h5 Ne3+ 41. Kd3 Nxd5 42. Rg6 Rxb4 0-1

[Event "SR 2. liga A 2018/2019"]
[Site "?"]
[Date "2019.03.03"]
[Round "9.8"]
[White "Sturc, Gustav"]
[Black "Vogl, Zdenek"]
[Result "1-0"]
[WhiteElo "1977"]
[BlackElo "1855"]
[PlyCount "99"]
[EventDate "2018.??.??"]
[WhiteTeam "SK Slovan Bratislava D"]
[BlackTeam "SK Skalica"]

1. e4 e5 2. Nf3 Nc6 3. Bb5 a6 4. Ba4 Nf6 5. O-O b5 6. Bb3 Be7 7. Re1 O-O 8. c3
d6 9. h3 Na5 10. Bc2 c5 11. d4 cxd4 12. cxd4 Nc6 13. d5 Nb4 14. Bb3 a5 15. a3
Na6 16. Nbd2 Bd7 17. Nf1 a4 18. Bc2 h6 19. Ng3 Nh7 20. Be3 Rc8 21. Rc1 Ng5 22.
Kh2 Nxf3+ 23. Qxf3 Bg5 24. Bd3 Nc5 25. Bb1 Qe7 26. Rcd1 Bxe3 27. Qxe3 Nb3 28.
f4 exf4 29. Qxf4 g5 30. Qf2 Qe5 31. Kh1 g4 32. Nf5 h5 33. Qh4 Bxf5 34. exf5 Qg7
35. f6 Qh6 36. hxg4 Rc4 37. Re4 Rc1 38. Ree1 Rc4 39. Re4 Rc1 40. Rxc1 Qxc1+ 41.
Re1 Qh6 42. g5 Qh8 43. Re7 Nd2 44. Bf5 Nc4 45. g6 Qh6 46. gxf7+ Rxf7 47. Be6
Ne5 48. Re8+ Kh7 49. Qe4+ Ng6 50. Bxf7 1-0

[Event "SR 2. liga A 2018/2019"]
[Site "?"]
[Date "2019.03.03"]
[Round "9.1"]
[White "Sahidi, Samir"]
[Black "Federic, Jozef"]
[Result "1-0"]
[WhiteElo "2366"]
[BlackElo "2224"]
[PlyCount "113"]
[EventDate "2018.??.??"]
[WhiteTeam "SK Doprastav"]
[BlackTeam "SK Modra B"]

1. e4 c5 2. Nf3 e6 3. d4 cxd4 4. Nxd4 Nc6 5. Nc3 Qc7 6. g3 a6 7. Be3 Nf6 8. Qe2
Bb4 9. Nxc6 Qxc6 10. Bd2 Bxc3 11. Bxc3 Nxe4 12. Bxg7 Rg8 13. Bg2 Rxg7 14. Bxe4
d5 15. Bd3 Qc7 16. f4 Bd7 17. O-O-O O-O-O 18. Rhe1 f6 19. Qh5 Kb8 20. Rd2 Rc8
21. a3 e5 22. Bf5 exf4 23. Bxd7 Rxd7 24. g4 Qc4 25. Kb1 Rcc7 26. Red1 Rd6 27.
Qf5 Rb6 28. Qxd5 Qc3 29. b3 Rb5 30. Qd4 Qf3 31. Rf2 Qxg4 32. Rxf4 Qg6 33. Qe4
Qxe4 34. Rxe4 Rh5 35. Rd2 f5 36. Re8+ Ka7 37. Rf8 Re7 38. Rf2 Re1+ 39. Kb2 Rh1
40. b4 R1xh2 41. R8xf5 Rxf5 42. Rxf5 h5 43. Kb3 h4 44. Rh5 h3 45. c4 Rh1 46. c5
Kb8 47. Rh7 h2 48. Ka4 Kc8 49. Ka5 Ra1 50. Rxh2 Kc7 51. a4 Rc1 52. Rh7+ Kc6 53.
b5+ axb5 54. axb5+ Kd5 55. Kb6 Kd4 56. Rd7+ Kc4 57. Rxb7 1-0

[Event "SR 2. liga A 2018/2019"]
[Site "?"]
[Date "2019.03.03"]
[Round "9.2"]
[White "Dugovic, Branislav"]
[Black "Schwarz, Dusan"]
[Result "0-1"]
[WhiteElo "2180"]
[BlackElo "2331"]
[PlyCount "104"]
[EventDate "2018.??.??"]
[WhiteTeam "SK Modra B"]
[BlackTeam "SK Doprastav"]

1. Nf3 d5 2. b3 Bg4 3. Bb2 Nd7 4. c4 e6 5. g3 Ngf6 6. Bg2 Bd6 7. O-O O-O 8. d4
c6 9. Nbd2 Qe7 10. Ne5 Bf5 11. a3 Rad8 12. Nxd7 Rxd7 13. c5 Bb8 14. b4 Re8 15.
e3 Bg6 16. Nf3 Bh5 17. Qc2 Bxf3 18. Bxf3 e5 19. dxe5 Bxe5 20. Rad1 Bxb2 21.
Qxb2 Qe5 22. Qxe5 Rxe5 23. Rd4 Rde7 24. Bg2 g6 25. Bh3 Ne4 26. Rc1 f5 27. Bg2
Kf7 28. Bxe4 Rxe4 29. Rcd1 Kf6 30. h4 Rxd4 31. Rxd4 Ke5 32. f4+ Ke6 33. Kf2 b6
34. Ke2 Rb7 35. cxb6 axb6 36. Rd3 c5 37. Rc3 Kd6 38. Rb3 c4 39. Rb1 b5 40. Ra1
d4 41. exd4 Kd5 42. a4 bxa4 43. Rxa4 Kxd4 44. h5 Kc3 45. hxg6 hxg6 46. Ra6 Kb2
47. Rxg6 c3 48. Rc6 c2 49. g4 fxg4 50. Kf2 c1=Q 51. Rxc1 Kxc1 52. Kg3 Rg7 0-1

[Event "SR 2. liga A 2018/2019"]
[Site "?"]
[Date "2019.03.03"]
[Round "9.3"]
[White "Polacik, Igor"]
[Black "Mydlarik, Martin"]
[Result "1/2-1/2"]
[WhiteElo "2181"]
[BlackElo "2117"]
[PlyCount "65"]
[EventDate "2018.??.??"]
[WhiteTeam "SK Doprastav"]
[BlackTeam "SK Modra B"]

1. c4 Nf6 2. g3 c5 3. Bg2 Nc6 4. Nc3 g6 5. e3 Bg7 6. Nge2 O-O 7. O-O d6 8. a3
Rb8 9. Rb1 e5 10. b4 cxb4 11. axb4 Be6 12. Nd5 Nd7 13. d3 f5 14. Ba3 Nb6 15.
Qd2 Ne7 16. Nxe7+ Qxe7 17. b5 e4 18. Nf4 Bf7 19. Nd5 Nxd5 20. cxd5 exd3 21.
Qxd3 Rbc8 22. Rfc1 Qd7 23. h4 Rc7 24. Rxc7 Qxc7 25. Rc1 Qb6 26. Bf3 Be8 27. Be2
Bd7 28. Kg2 Re8 29. Qc4 Rc8 30. Qd3 Re8 31. Qc4 Rc8 32. Qd3 Re8 33. Qc4 1/2-1/2

[Event "SR 2. liga A 2018/2019"]
[Site "?"]
[Date "2019.03.03"]
[Round "9.4"]
[White "Bochnicka, Vladimir ml"]
[Black "Petrik, Stanislav"]
[Result "0-1"]
[WhiteElo "2149"]
[BlackElo "2139"]
[PlyCount "78"]
[EventDate "2018.??.??"]
[WhiteTeam "SK Modra B"]
[BlackTeam "SK Doprastav"]

1. e4 c5 2. Nf3 Nc6 3. d4 cxd4 4. Nxd4 g6 5. Be2 Bg7 6. Nb3 Nf6 7. Nc3 d6 8.
O-O O-O 9. Bg5 a6 10. Kh1 h6 11. Bh4 b5 12. a3 Ne5 13. f4 Nc4 14. Bxc4 bxc4 15.
Nd2 Bg4 16. Qe1 Rc8 17. h3 Be6 18. f5 Bd7 19. Qe2 g5 20. Bf2 e6 21. Nxc4 Bb5
22. Nxb5 axb5 23. Nxd6 Qxd6 24. e5 Qc6 25. exf6 Bxf6 26. fxe6 Bxb2 27. Rab1
Bxa3 28. Bd4 Qxe6 29. Qxb5 Rxc2 30. Qb7 Qc6 31. Rf6 Rc1+ 32. Rxc1 Qxb7 33. Rxh6
f6 34. Rf1 Qb5 35. Ra1 Be7 36. Ra7 Qb1+ 37. Bg1 Bc5 38. Rg6+ Qxg6 39. Bxc5 Rc8
0-1

[Event "SR 2. liga A 2018/2019"]
[Site "?"]
[Date "2019.03.03"]
[Round "9.5"]
[White "Orosi, Peter"]
[Black "Sobek, Michal"]
[Result "0-1"]
[WhiteElo "2087"]
[BlackElo "2053"]
[PlyCount "100"]
[EventDate "2018.??.??"]
[WhiteTeam "SK Doprastav"]
[BlackTeam "SK Modra B"]

1. d4 Nf6 2. c4 c5 3. Nf3 cxd4 4. Nxd4 Nc6 5. g3 d6 6. Bg2 Bd7 7. O-O g6 8. b3
Bg7 9. Bb2 O-O 10. Nc3 Qa5 11. Nc2 Qh5 12. e4 Bg4 13. f3 Bh3 14. Ne2 Qc5+ 15.
Bd4 Nxd4 16. Qxd4 Bxg2 17. Kxg2 Qa5 18. Qf2 b5 19. cxb5 Qxb5 20. Ned4 Qb6 21.
Rac1 Rfc8 22. Qd2 a5 23. a4 d5 24. e5 Nd7 25. f4 Nc5 26. Qe3 e6 27. Nb5 Bf8 28.
g4 Qb7 29. Ncd4 Ne4 30. f5 Qe7 31. f6 Qb7 32. Rxc8 Rxc8 33. Qe1 Qb8 34. Nd6
Nxd6 35. exd6 Bxd6 36. Qxa5 Bxh2 37. Qd2 Qg3+ 38. Kh1 Qh3 39. Qg2 Qxg2+ 40.
Kxg2 Be5 41. Nb5 h6 42. g5 hxg5 43. Kh3 Rc2 44. Rf3 Bf4 45. Rc3 Rh2+ 46. Kg4 e5
47. Rh3 Rb2 48. Nd6 e4 49. Nf5 Rg2+ 50. Rg3 gxf5+ 0-1

[Event "SR 2. liga A 2018/2019"]
[Site "?"]
[Date "2019.03.03"]
[Round "9.6"]
[White "Bochnickova, Andrea"]
[Black "Macka, Oto"]
[Result "0-1"]
[WhiteElo "2113"]
[BlackElo "2066"]
[PlyCount "50"]
[EventDate "2018.??.??"]
[WhiteTeam "SK Modra B"]
[BlackTeam "SK Doprastav"]

1. e4 e6 2. d4 d5 3. exd5 exd5 4. c4 Nf6 5. Nc3 Bb4 6. Bd3 dxc4 7. Bxc4 O-O 8.
Nge2 c6 9. O-O Nbd7 10. Bg5 Nb6 11. Bb3 Be7 12. Qd3 Nfd5 13. Bxe7 Nxe7 14. Ng3
Nbd5 15. Rfe1 Be6 16. Bc2 Ng6 17. a3 Ndf4 18. Qe3 Re8 19. f3 Nxg2 20. Kxg2 Bh3+
21. Kxh3 Rxe3 22. Rxe3 Nf4+ 23. Kg4 Ng2 24. Nf5 Nxe3+ 25. Nxe3 Qxd4+ 0-1

[Event "SR 2. liga A 2018/2019"]
[Site "?"]
[Date "2019.03.03"]
[Round "9.7"]
[White "Bednar, Jan"]
[Black "Sandor, Martin"]
[Result "0-1"]
[WhiteElo "2062"]
[BlackElo "1953"]
[PlyCount "96"]
[EventDate "2018.??.??"]
[WhiteTeam "SK Doprastav"]
[BlackTeam "SK Modra B"]

1. d4 d5 2. c4 e6 3. Nc3 Nf6 4. Bg5 Be7 5. e3 O-O 6. Nf3 h6 7. Bxf6 Bxf6 8. Rc1
c6 9. Bd3 Nd7 10. O-O dxc4 11. Bxc4 b6 12. Qe2 Qe7 13. Rfd1 Rd8 14. e4 e5 15.
dxe5 Nxe5 16. Rxd8+ Qxd8 17. Nxe5 Bxe5 18. Bxf7+ Kxf7 19. Qh5+ Kf6 20. Nd5+
cxd5 21. Rc6+ Ke7 22. Qxe5+ Kf8 23. Rd6 Qg5 24. Qxg5 hxg5 25. Rxd5 Bb7 26. Rf5+
Kg8 27. f3 g4 28. Re5 gxf3 29. gxf3 Kf7 30. a4 Rc8 31. Rb5 Rc1+ 32. Kf2 Bc6 33.
Rb4 Ke6 34. h4 Kd6 35. Rd4+ Ke5 36. Rd8 Bxa4 37. Rd5+ Ke6 38. Rg5 Kf7 39. Rf5+
Kg8 40. h5 Rc2+ 41. Ke3 Rxb2 42. Rg5 Rb5 43. Rg1 Rxh5 44. Ra1 Ra5 45. f4 Bc6
46. Re1 Ra3+ 47. Kd4 Ra4+ 48. Ke5 Rxe4+ 0-1

[Event "SR 2. liga A 2018/2019"]
[Site "?"]
[Date "2019.03.03"]
[Round "9.8"]
[White "Stevik, Patrik"]
[Black "Jelenciak, Jozef"]
[Result "1-0"]
[WhiteElo "1918"]
[BlackElo "1890"]
[PlyCount "45"]
[EventDate "2018.??.??"]
[WhiteTeam "SK Modra B"]
[BlackTeam "SK Doprastav"]

1. e4 Nf6 2. e5 Nd5 3. c4 Nb6 4. d4 d6 5. exd6 cxd6 6. h3 Bf5 7. Nf3 Bxb1 8.
Rxb1 g6 9. Be3 Bg7 10. b4 O-O 11. Qb3 e5 12. dxe5 dxe5 13. Rd1 Qc7 14. c5 N6d7
15. Bc4 Nc6 16. O-O h6 17. Rd6 Nf6 18. Bxh6 Bxh6 19. Rxf6 Bg7 20. Rxg6 Rad8 21.
Ng5 Nd4 22. Qg3 b5 23. Qh4 1-0

[Event "SR 2. liga A 2018/2019"]
[Site "?"]
[Date "2019.03.03"]
[Round "9.1"]
[White "Slacky, Stanislav"]
[Black "Michal, Silvio"]
[Result "1-0"]
[WhiteElo "2150"]
[BlackElo "2092"]
[PlyCount "67"]
[EventDate "2018.??.??"]
[WhiteTeam "SK Krasnany"]
[BlackTeam "KS Pezinok"]

1. b3 e5 2. Bb2 Nc6 3. e3 f6 4. c4 a5 5. Nc3 Bb4 6. Nd5 Nh6 7. Qh5+ Nf7 8. a3
Be7 9. f4 g6 10. Qh4 d6 11. Ne2 Be6 12. Nec3 Nb8 13. Be2 c6 14. Nxe7 Qxe7 15.
O-O Nd7 16. d4 exd4 17. exd4 O-O 18. Bd3 Bf5 19. Rae1 Qxe1 20. Rxe1 Bxd3 21.
Re7 Rad8 22. Qh3 Bf5 23. g4 Bc2 24. d5 g5 25. Ne2 gxf4 26. Nd4 Ng5 27. Qh6 Rf7
28. Rxf7 Nxf7 29. Qxf4 Bg6 30. Ne6 Re8 31. Bxf6 Nde5 32. Bxe5 Nxe5 33. Qf6 Rxe6
34. dxe6 1-0

[Event "SR 2. liga A 2018/2019"]
[Site "?"]
[Date "2019.03.03"]
[Round "9.4"]
[White "Kosnac, Patrik"]
[Black "Biro, Karol"]
[Result "1/2-1/2"]
[WhiteElo "1937"]
[BlackElo "2065"]
[PlyCount "78"]
[EventDate "2018.??.??"]
[WhiteTeam "KS Pezinok"]
[BlackTeam "SK Krasnany"]

1. d4 Nf6 2. Nf3 e6 3. c4 b6 4. Nc3 Bb7 5. e3 Be7 6. Bd3 d5 7. cxd5 exd5 8. O-O
Nbd7 9. Bd2 O-O 10. Rc1 a6 11. Ne2 Bd6 12. Bc3 Re8 13. Ng3 g6 14. Re1 Ne4 15.
Qc2 Rc8 16. Nd2 Qh4 17. Bxe4 dxe4 18. Nc4 Nf6 19. Nxd6 cxd6 20. Qb3 b5 21. Bb4
Ng4 22. h3 Nxf2 23. Kxf2 Re6 24. Rxc8+ Bxc8 25. Qc2 Rf6+ 26. Kg1 Bxh3 27. gxh3
Rf3 28. Bxd6 Rxg3+ 29. Bxg3 Qxg3+ 30. Kf1 Qxh3+ 31. Qg2 Qe6 32. Rc1 h5 33. Qg3
Kh7 34. a3 f6 35. Qc7+ Kh6 36. Qc8 Qb3 37. Qc3 Qe6 38. Qd2 Qh3+ 39. Ke2 Qf3+
1/2-1/2

[Event "SR 2. liga A 2018/2019"]
[Site "?"]
[Date "2019.03.03"]
[Round "9.5"]
[White "Danek, Pavol"]
[Black "Hulla, Stanislav"]
[Result "1/2-1/2"]
[WhiteElo "2226"]
[BlackElo "1961"]
[PlyCount "80"]
[EventDate "2018.??.??"]
[WhiteTeam "SK Krasnany"]
[BlackTeam "KS Pezinok"]

1. d4 d5 2. Nf3 Nf6 3. c4 e6 4. Nc3 Nbd7 5. cxd5 exd5 6. Bg5 c6 7. e3 Bd6 8.
Bd3 Nf8 9. Qc2 Ng6 10. Rc1 Be6 11. h4 h6 12. Bxg6 hxg5 13. Nxg5 Qe7 14. Nxe6
Qxe6 15. Bf5 Qe7 16. Qe2 g6 17. Bd3 O-O-O 18. a3 Kb8 19. Kd2 Rde8 20. g3 Qd7
21. Qf3 Ng4 22. Be2 f5 23. Bd3 Nf6 24. Ne2 Ne4+ 25. Bxe4 dxe4 26. Qg2 c5 27.
Kc2 Qb5 28. Nc3 Qd3+ 29. Kb3 cxd4 30. Rhd1 Qa6 31. Rxd4 Be5 32. Rd2 Rc8 33. Qf1
Qb6+ 34. Ka2 Bxc3 35. bxc3 Rc5 36. c4 Rhc8 37. Rd4 Qe6 38. Ka1 b5 39. Rb1 Ka8
40. Qd1 Rxc4 1/2-1/2